| 000 | 00693nam a22002057a 4500 | ||
|---|---|---|---|
| 999 |
_c15181 _d15181 |
||
| 003 | OSt | ||
| 082 | _2631.587 BIB/GR | ||
| 088 | _aP 194 | ||
| 100 |
_aBIBIN SUNNY _93411 |
||
| 245 | _aGroundwater flow modelling using finite element method | ||
| 260 |
_aTavanur 2009 _bKelappaji College of Agricultural Engineering and Technology |
||
| 300 | _a68 | ||
| 500 | _aGroundwater flow modelling using finite element method | ||
| 520 | _aGroundwater flow modelling using finite element method | ||
| 700 |
_aSeby K. J _93412 |
||
| 700 |
_aSneha V. S _93413 |
||
| 700 |
_aEr. Sasikala D (Guide) _93366 |
||
| 856 | _uhttps://drive.google.com/open?id=1EqS_FX-Y5-Lr5UYKWdHNfXk57_nDtEwe | ||
| 942 | _cPR | ||